| 000 | 00567nam a2200169Ia 4500 | ||
|---|---|---|---|
| 008 | 090711s9999 xx 000 0 und d | ||
| 082 | _b7409 | ||
| 100 | _aबेडेकर मालतीबाई | ||
| 245 | _aअलौकिक संसार | ||
| 260 |
_bव्हिनस प्रकाशन _c1958 |
||
| 300 | _a57 | ||
| 600 | _aबेडेकर मालतीबाई | ||
| 630 | _aअलौकिक संसार | ||
| 700 | _aबेडेकर मालतीबाई | ||
| 730 | _aअलौकिक संसार | ||
| 942 | _cBOOK | ||
| 999 |
_c302968 _d302968 |
||